000 01151nam a2200325 c 4500
999 _c20462
_d20462
001 20462
003 ES-MaCES
005 20190723111240.0
008 070820s2006 sp d t 000 | spa d
035 _aCES20070010247m
040 _aES-MaCES
_bspa
_cES-MaCES
245 0 3 _aLa gestión de las tecnologías de la información en las empresas españolas
_b: situación 2006 : [Programa FSE-EOI]
260 _a[Madrid]
_bEOI
_c2006
300 _a138 h.
_bgráf. col.
_c30 cm
500 _aEl 2º subt. tomado de la cub.
504 _aBibliografía: h. 138
541 _cGratuito
650 4 _atecnología de la información
_930104
650 4 _aInternet
_930572
650 4 _aaplicación
_929859
650 4 _aEspaña
_926964
650 4 _a2006
_931838
650 4 _928178
_aempresa
653 1 0 _aEmpresa
710 2 _aEscuela de Organización Industrial
_eed.
_92702
787 0 _tLa gestión de las tecnologías de la información y de la comunicación (TIC) en las empresas españolas y su incidencia en el empleo
_w(ES-MaCES)19109
902 _aLIB Libro
942 _2CES
_cBK
_h0.0.